00325pab a2200121 454500008004000000100002500040245004400065260000900109300001500118362001200133650001400145773004400159180718b1962 xxu||||| |||| 00| 0 eng d aSastry, C. Srinivasa aStructure and pattern of Panchayati Raj c1962 ap.460-470. aOct-Dec aPanchayat aIndian Journal of Public Administration